| 000 | 04341cam a22005654i 4500 | ||
|---|---|---|---|
| 003 | PE-LiUPU | ||
| 005 | 20250731180127.0 | ||
| 008 | 150625s1983 mx a r 001 0 spa d | ||
| 020 | _a0534031447 | ||
| 035 | _a(Sirsi) i9780534031442 | ||
| 040 |
_aPE-LiUPU _bspa _cPE-LiUPU _erda |
||
| 049 | _aPRUA | ||
| 082 | 0 | 4 |
_a547 _bF41 _221 |
| 100 | 1 |
_aFessenden, Ralph J, _eautor. |
|
| 245 | 1 | 0 |
_aQuímica Orgánica / _cRalph J. Fessenden. |
| 264 | 1 |
_aMéxico, D. F. : _bIberoamérica, _c1983. |
|
| 300 |
_a1076 páginas : _bilustraciones, figuras, tablas ; _c25 centímetros |
||
| 336 |
_atext _2rdacontent |
||
| 337 |
_aunmediated _2rdamedia |
||
| 338 |
_avolume _2rdacarrier |
||
| 504 | _aÍndice : páginas 1032-1074. | ||
| 505 | 0 | _aÁtomos y moléculas -- Estructura electrónica de los átomos -- Radio atómico -- Electronegatividad -- Introducción al enlace químico -- Fórmulas químicas en química orgánica -- Distancias de enlace y ángulos de enlace -- Energía de disociación de enlace -- Enlaces covalentes polares -- Atracciones entre moléculas -- Ácidos y bases -- Resumen -- Problemas de estudio -- Los orbitales y su papel en el enlace covalente -- Propiedades de las ondas -- Enlace en la molécula de hidrógeno -- Algunas caracterísiticas generales de los orbitales de enlace y anti-enlace -- Orbitales híbridos del nitrógeno y el oxígeno -- Dobles enlaces conjugados -- Benceno -- Resonancia -- Resumen -- Problemas de estudio -- Isomería estructural, momenclatura -- y alcanos -- Isómeros estructurales -- Cómo se desarrolló la nomenclatura orgánica -- Revisión de la nomenclatura orgánica -- Alcanos -- Fuentes naturales de hidrocarburos -- Resumen -- Problemas de estudio -- Estereoquímica -- Isomería geométrica en los alquenos -- Isomería geométrica en compuestos cíclicos -- Conformaciones de compuestos de cadena abierta -- Conformaciones de los compuestos cíclicos -- Los confórmeros del ciclohexano -- Quiralidad -- Rotación del plano de la luz polarizada -- Configuración relativa y absoluta -- Mas de un átomo de carbono quiral -- Resolución de una mezcla racémica -- Resumen -- Problemas de estudio -- Halogenuros de alquilo: reacciones de sustitución y eliminación -- El enlace en los compuestos orgánicos halogenados -- Propiedades físicas de los alcanos halogenados - Nomenclatura y clasificación de los halogenuros de alquilo -- Visión previa de las reacciones de sustitución y eliminación -- La reacción -- Reacciones de sustitución de halogenuros alílicos y bencílicos -- Factores que gobiernan las reacciones de sustitución y eliminación -- Síntesis de otros compuestos a partir de halogenuros de alquilo -- Reacciones de radicales libres; compuestos organometálicos -- Una reacción típica de radicales libres -- Reactividades relativas de los halógenos -- Sustracción de hidrógeno: paso determinante de la velocidad -- Halogenaciones electivas por radicales libres -- Iniciadores e inhibidores de radicales libres -- Compuestos organometálicos -- Otros organometálicos -- Problemas de estudio. | |
| 526 | _aSEG44 | ||
| 526 | _aSEG26 | ||
| 526 | _aP159 | ||
| 526 | _aP155 | ||
| 526 | _aP154 | ||
| 526 | _aP153 | ||
| 526 | _aP150 | ||
| 526 | _aP100 | ||
| 526 | _aP31 | ||
| 526 | _aP30 | ||
| 526 | _aP26 | ||
| 526 | _aP25 | ||
| 526 | _aP24 | ||
| 526 | _aP22 | ||
| 526 | _aP15 | ||
| 526 | _aP10 | ||
| 650 | 0 | 4 |
_aQuimica Organica. _92142 |
| 700 | 1 | _aFessenden, Joan S. | |
| 942 |
_2ddc _cBOOK |
||
| 949 |
_a547 F41 _wDEWEY _c1 _i31894 _lCCODEBUL1 _mBUL _r0 _sY _tBOOK _u2015-6-25 _xINGENIERIA _zUNKNOWN _0COMPRA _o.STAFF. Colección Ingeniería y Arquitectura |
||
| 949 |
_a547 F41 _wDEWEY _c2 _i35314 _d2015-9-28 _e2015-9-24 _lCCODEBUL1 _mBUL _n2 _r0 _sY _tBOOK _u2015-6-25 _xINGENIERIA _zUNKNOWN _0COMPRA _o.STAFF. Colección Ingeniería y Arquitectura |
||
| 994 |
_aC0 _bPEPRU |
||
| 596 | _a1 | ||
| 999 |
_a547 F41 _wDEWEY _c40919 _i31894 _d40919 _f2019-12-11 _g6 _lDISCARD _mBUL _q2 _r0 _sN _tBOOK _u2015-6-25 _xINGENIERIA _zUNKNOWN _0COMPRA _o.STAFF. Colección General |
||
| 999 |
_a547 F41 _wDEWEY _c2 _i35314 _d2019-9-24 _e2019-9-24 _f2021-11-5 _g4 _lCCODEBUL1 _mBUL _n9 _p36.00 _q10 _r0 _sY _tBOOK _u2015-6-25 _xBIBLIOTECA _PP24 _0COMPRA _o.STAFF. Colección Ingeniería y Arquitectura |
||
| 980 |
_81 _gALBERTO SANCHEZ Responsable de Automatización |
||